• 首页
  • 本馆介绍
  • 公告通知
  • 最新文献
  • 馆藏检索
  • 电子资源
  • 读者导购
  • 参考咨询
  • 我的图书馆
  • 登录
  • 详细信息显示
  • 放入我的书架
  • 预约/预借图书
  • 作者相关作品
  • 分类相关作品
  • 丛书相关作品
  • 出版社相关作品

书目信息

  • 表格格式
  • 工作单格式
  • 卡片格式
题名:
走出语言的迷宫
    
 
作者: 王晓升 著
分册:  
出版信息: 北京   社会科学文献出版社  1999
页数: 475页
开本: 20cm
丛书名:
单 册:
中图分类: B521 , B561.59
科图分类:
主题词: 语言哲学--维特根斯坦,L.--研究 , 哲学--欧洲
电子资源:
ISBN: 7-80149-152-1
000 00827nam0 2200265 450
001 1159385061
005 20111003163034.82
010    @a7-80149-152-1@dCNY26.80
100    @a20020308d1999 ekmy0chiy0110 ea
101 0  @achi
102    @aCN@b110000
105    @ay z 000yy
200 1  @a走出语言的迷宫@9zou chu yu yan de mi gong@e后期维特根斯坦哲学概述@f王晓升著
210    @a北京@c社会科学文献出版社@d1999
215    @a475页@d20cm
300    @a苏州大学“211”工程项目资助
517 1  @a后期维特根斯坦哲学概述@9hou qi wei te gen si tan zhe xue gai shu
600  1 @a维特根斯坦@bL.@x语言哲学@x研究
606 0  @a语言哲学@x维特根斯坦,L.@x研究
606 0  @a哲学@x欧洲
690    @aB521@v4
690    @aB561.59@v4
701  0 @a王晓升@9wang xiao sheng@4著
801  0 @aCN@b91MARC@c20101222
905    @a10447@dB521@eJY40
    
    走出语言的迷宫:后期维特根斯坦哲学概述/王晓升著.-北京:社会科学文献出版社,1999
    475页;20cm
    苏州大学“211”工程项目资助
    
    ISBN 7-80149-152-1:CNY26.80
    
●
相关链接 在E读中查询图书 在五车中查询图书 在当当中查询图书 在豆瓣中查询图书


正题名:走出语言的迷宫     索取号:B521/JY40         预约/预借

序号 登录号 条形码 馆藏地/架位号 状态 备注
1 7824863   278248638   学院路分馆/ [索取号:B521/JY40] 在馆    
2 7824864   278248647   学院路分馆/ [索取号:B521/JY40] 在馆    
唐山师范学院图书馆 欢迎您!
大连网信软件有限公司© 版权所有